000 00629nam a2200133 a 4500
001 000038546
005 20201002031306.0
008 130415s1988 dr 000 0 spa d
040 _aDO-SdBNP
_bspa
_cBNPHU
111 2 _aSeminario taller situación socioeconómica y jurídica de la mujer dominicana
_d(1988: 11-15 de julio
_cJarabacoa, República Dominicana )
_964882
245 1 0 _aInforme taller seminario situación socioeconómica y jurídica de la mujer dominicana.
260 _aSanto Domingo :
_bDirección General de Promoción de la Mujer ;
_bFondo de las Naciones Unidas para la Infancia,
_c1988.
300 _a148 p. ;
_c22 cm.
999 _c38036
_d38036